الملامح العامة للفكر السياسي الإسلامي في التاريخ المعاصر / (Record no. 5479)
[ view plain ]
| 000 -الفاتح | |
|---|---|
| حقل البيانات ثابتة الطول | 00756nac a22001691u 4500 |
| 008 - عناصر البيانات ثابتة الطول - معلومات عامة | |
| حقل البيانات ثابتة الطول | 100808s1996ua|||||r|||| 00| 0 ara d |
| 020 ## - الرقم الدولى المعيارى للكتب | |
| الرقم الدولى المعيارى للكتاب | 9770903574 |
| 082 ## - رقم تصنيف ديوى العشرى | |
| رقم التصنيف | 219.3 |
| رقم المادة | ب ش ر |
| 100 ## - المدخل الرئيسى - إسم شخصى | |
| الإسم الشخصى | البشري،طارق |
| 9 (RLIN) | 17201 |
| 245 ## - بيان العنوان | |
| العنوان | الملامح العامة للفكر السياسي الإسلامي في التاريخ المعاصر / |
| بيان المسئوليه,etc | طارق البشري |
| 260 ## - PUBLICATION, DISTRIBUTION, ETC. (IMPRINT) | |
| مكان الناشر او الموزع | القاهرة: |
| اسم الناشر او الموزع | دار الشروق،1996 |
| تاريخ النشر أو التوزيع | 1996. |
| 300 ## - الوصف المادى | |
| التعداد | 93 ص ؛ |
| أبعاد الوعاء | 24 سم |
| 541 ## - تبصرة المصدر المباشر للتزويد | |
| طريقة التزويد | شراء؛ |
| 650 ## - المدخل الاضافى بالموضوع-مصطلح موضوعى | |
| مصطلح موضوعي أو اسم جغرافي كعنصر مدخل | الإسلام والإصلاح السياسي |
| 9 (RLIN) | 17205 |
| 942 ## - عناصر المدخل الإضافي( كوها) | |
| Koha [default] item type | Book - Borrowing |
| سابقة رقم الطلب | 219.3ب ش ر |
| مصدر التصنيف او مخطط الترفيف | Dewey Decimal Classification |
| حالة التراجع | حالة الفقد | مصدر التصنيف او خطة الترفيف | حالة تلف | ليس للاعارة | مجموعات كوها | المكان الدائم | المكان الحالي | موقع الترفيف | تاريخ الاكتساب | Source of acquisition | رقم الاستدعاء | الباركود | Date last seen | نوع الوعاء |
|---|---|---|---|---|---|---|---|---|---|---|---|---|---|---|
| Dewey Decimal Classification | Central Library | Central Library | Lower Floor | 08/08/2010 | 219.3 ب ش ر | 000006883 | 15/07/2025 | Book - Borrowing |